Digimon Adventure - Statistics

General Stats
  • This quiz has been taken 315 times
  • The average score is 11 of 12
Answer Stats
Crest Digidestined % Correct
Courage Taichi Kamiya
98%
Love Sora Takenouchi
97%
Friendship Yamato Ishida
97%
Reliability Joe Kido
95%
Sincerity Mimi Tachikawa
95%
Hope Takeru Takaishi
95%
Light Hikari Kamiya
94%
Knowledge Koushiro Izumi
94%
Kindness Ken Ichijouji
79%
Courage/Friendship Davis Motomiya
77%
Knowledge/Reliability Cody Hida
69%
Love/Sincerity Yolei Inoue
62%
No matching quizzes found
Score Distribution
Percent of People with Each Score
Percentile by Number Answered
Your Score History
You have not taken this quiz